| 000 | 00508 a2200169 4500 | ||
|---|---|---|---|
| 003 | Nust | ||
| 005 | 20170207153435.0 | ||
| 040 | _cNust | ||
| 082 | _a005.1 | ||
| 100 | _aMudassar , SGT Malik Kashif BESE-10 | ||
| 245 |
_aLive help desk an online customer support system (Hard / Soft-copy) _cSGT Malik Kashif Mudassar, PC Omer Moeen & TC Fahad Niazi BESE-10 |
||
| 260 |
_aRawalpindi _bMCS , NUST _c2008 |
||
| 300 | _a92p | ||
| 538 | _aAlmirah No 71 Shelf No 5 | ||
| 650 | _aUG Projects | ||
| 651 | _aUG CS Projects | ||
| 942 | _cTHS | ||
| 999 |
_c186270 _d186270 |
||